Ideas sobre la novela
Збережено в:
| Автор: | |
|---|---|
| Формат: | Книга |
| Мова: | Undetermined |
| Опубліковано: |
Madrid, España
Anagrama
1971
|
| Предмети: | |
| Теги: |
Додати тег
Немає тегів, Будьте першим, хто поставить тег для цього запису!
|
MARC
| LEADER | 00000nam a2200000Ia 4500 | ||
|---|---|---|---|
| 008 | 170316s9999 xx 000 0 und d | ||
| 090 | |a 801 S-1.1i | ||
| 100 | |a Sade, Marqués de | ||
| 245 | |a Ideas sobre la novela | ||
| 260 | |a Madrid, España | ||
| 260 | |b Anagrama | ||
| 260 | |c 1971 | ||
| 300 | |a 94 páginas | ||
| 650 | |a TEORÍA LITERARIA | ||
| 999 | |c 20628 |d 20628 | ||
| 040 | |a cru BVZT | ||
| 942 | |c 15 D |h 801 S-1.1i |2 z | ||
